<?xml version="1.0" encoding="UTF-8"?>
<record
    xmlns:xsi="http://www.w3.org/2001/XMLSchema-instance"
    xsi:schemaLocation="http://www.loc.gov/MARC21/slim http://www.loc.gov/standards/marcxml/schema/MARC21slim.xsd"
    xmlns="http://www.loc.gov/MARC21/slim">

  <leader>01678nam a22003017a 4500</leader>
  <controlfield tag="003">DO-SdBNP</controlfield>
  <controlfield tag="005">20250526114442.0</controlfield>
  <controlfield tag="007">ta</controlfield>
  <controlfield tag="008">101007s2021    dr a          000 0 spa d</controlfield>
  <datafield tag="020" ind1=" " ind2=" ">
    <subfield code="a">9789993467427</subfield>
  </datafield>
  <datafield tag="040" ind1=" " ind2=" ">
    <subfield code="a">DO-SdBNP</subfield>
    <subfield code="b">spa</subfield>
    <subfield code="c">BNPHU</subfield>
  </datafield>
  <datafield tag="082" ind1=" " ind2="4">
    <subfield code="a">155.937</subfield>
    <subfield code="b">B828c, 2021</subfield>
    <subfield code="2">22</subfield>
  </datafield>
  <datafield tag="100" ind1="1" ind2=" ">
    <subfield code="a">Brea Franco, Rosa Mariana</subfield>
    <subfield code="9">46192</subfield>
  </datafield>
  <datafield tag="245" ind1="1" ind2="3">
    <subfield code="a">El duelo :</subfield>
    <subfield code="b">un camino hacia la transformaci&#xF3;n /</subfield>
    <subfield code="c">Rosa Mariana Brea Franco.</subfield>
  </datafield>
  <datafield tag="250" ind1=" " ind2=" ">
    <subfield code="a">4a ed.</subfield>
  </datafield>
  <datafield tag="260" ind1=" " ind2=" ">
    <subfield code="a">Santo Domingo :</subfield>
    <subfield code="b">B&#xFA;ho,</subfield>
    <subfield code="c">2021.</subfield>
  </datafield>
  <datafield tag="300" ind1=" " ind2=" ">
    <subfield code="a">330 p. ;</subfield>
    <subfield code="c">23 cm.</subfield>
  </datafield>
  <datafield tag="500" ind1=" " ind2=" ">
    <subfield code="a">Incluye datos biogr&#xE1;ficos de la autora en las solapas</subfield>
  </datafield>
  <datafield tag="504" ind1=" " ind2=" ">
    <subfield code="a">Bibliograf&#xED;a : p. 327-330</subfield>
  </datafield>
  <datafield tag="505" ind1="0" ind2=" ">
    <subfield code="t">Dedicatoria --</subfield>
    <subfield code="t">Agradecimientos --</subfield>
    <subfield code="t">Pr&#xF3;logo a la primera edici&#xF3;n --</subfield>
    <subfield code="t">Pr&#xF3;logo a la segunda edici&#xF3;n --</subfield>
    <subfield code="t">Introducci&#xF3;n -- </subfield>
    <subfield code="t">El significado de las crisis -- </subfield>
    <subfield code="t">El proceso del duelo -- </subfield>
    <subfield code="t">El duelo al microscopio -- </subfield>
    <subfield code="t">Teor&#xED;as que sustentan el duelo --</subfield>
    <subfield code="t"> Factores que influencian el duelo -- </subfield>
    <subfield code="t">Diferentes tipos de muerte -- </subfield>
    <subfield code="t">&#xBF;Qui&#xE9;n muere? --</subfield>
    <subfield code="t"> La importancia del funeral --</subfield>
    <subfield code="t"> Los hombres y el proceso del duelo -- </subfield>
    <subfield code="t">Los ni&#xF1;os y el proceso del duelo -- </subfield>
    <subfield code="t">El enfermo terminal -- </subfield>
    <subfield code="t">P&#xE9;rdidas intangibles -- </subfield>
    <subfield code="t">Otras p&#xE9;rdidas significativas -- </subfield>
    <subfield code="t">La crisis del divorcio -- </subfield>
    <subfield code="t">El proceso del divorcio: otras investigaciones -- </subfield>
    <subfield code="t">La experiencia de un divorcio --.</subfield>
    <subfield code="t"> La ayuda psicol&#xF3;gica -- </subfield>
    <subfield code="t">Conclusi&#xF3;n --.</subfield>
    <subfield code="t">Referencias bibliogr&#xE1;ficas -- </subfield>
    <subfield code="t">&#xCD;ndice de gr&#xE1;ficas .</subfield>
  </datafield>
  <datafield tag="590" ind1=" " ind2=" ">
    <subfield code="a">Inventariado, 2022/YL</subfield>
  </datafield>
  <datafield tag="650" ind1=" " ind2="0">
    <subfield code="a">Duelo</subfield>
    <subfield code="9">46193</subfield>
  </datafield>
  <datafield tag="650" ind1=" " ind2="4">
    <subfield code="a">Muerte</subfield>
    <subfield code="9">11503</subfield>
  </datafield>
  <datafield tag="650" ind1=" " ind2="0">
    <subfield code="a">P&#xE9;rdida (Psicolog&#xED;a)</subfield>
    <subfield code="9">46194</subfield>
  </datafield>
  <datafield tag="650" ind1=" " ind2="4">
    <subfield code="a">Divorcio</subfield>
    <subfield code="x">Aspectos psicol&#xF3;gicos</subfield>
    <subfield code="9">46195</subfield>
  </datafield>
  <datafield tag="910" ind1=" " ind2=" ">
    <subfield code="a"> YL /Validado, 2022/MFF</subfield>
  </datafield>
  <datafield tag="942" ind1=" " ind2=" ">
    <subfield code="2">ddc</subfield>
    <subfield code="c">LBS1</subfield>
  </datafield>
  <datafield tag="952" ind1=" " ind2=" ">
    <subfield code="0">0</subfield>
    <subfield code="1">0</subfield>
    <subfield code="2">ddc</subfield>
    <subfield code="5">3</subfield>
    <subfield code="7">0</subfield>
    <subfield code="8">PD</subfield>
    <subfield code="a">BNPHU</subfield>
    <subfield code="b">BNPHU</subfield>
    <subfield code="c">HD</subfield>
    <subfield code="d">2022-02-02</subfield>
    <subfield code="e">Dep&#xF3;sito Legal </subfield>
    <subfield code="l">0</subfield>
    <subfield code="o">BNPHU PD 155.937 B828c 2021</subfield>
    <subfield code="p">2022-1110</subfield>
    <subfield code="r">2022-04-05</subfield>
    <subfield code="w">2022-04-05</subfield>
    <subfield code="y">LBS1</subfield>
  </datafield>
  <datafield tag="952" ind1=" " ind2=" ">
    <subfield code="0">0</subfield>
    <subfield code="1">0</subfield>
    <subfield code="2">ddc</subfield>
    <subfield code="5">3</subfield>
    <subfield code="7">0</subfield>
    <subfield code="8">PD</subfield>
    <subfield code="a">BNPHU</subfield>
    <subfield code="b">BNPHU</subfield>
    <subfield code="c">HD</subfield>
    <subfield code="d">2022-02-02</subfield>
    <subfield code="e">Dep&#xF3;sito Legal </subfield>
    <subfield code="l">0</subfield>
    <subfield code="o">BNPHU PD 155.937 B828c 2021</subfield>
    <subfield code="p">2022-1111</subfield>
    <subfield code="r">2022-04-05</subfield>
    <subfield code="t">e. 2</subfield>
    <subfield code="w">2022-04-05</subfield>
    <subfield code="y">LBS1</subfield>
  </datafield>
  <datafield tag="952" ind1=" " ind2=" ">
    <subfield code="0">0</subfield>
    <subfield code="1">0</subfield>
    <subfield code="2">ddc</subfield>
    <subfield code="5">6</subfield>
    <subfield code="7">0</subfield>
    <subfield code="8">DS</subfield>
    <subfield code="a">BNPHU</subfield>
    <subfield code="b">BNPHU</subfield>
    <subfield code="c">HD</subfield>
    <subfield code="d">2022-02-02</subfield>
    <subfield code="e">Dep&#xF3;sito Legal </subfield>
    <subfield code="l">0</subfield>
    <subfield code="o">BNPHU DS 155.937 B828c 2021</subfield>
    <subfield code="p">2022-1112</subfield>
    <subfield code="r">2022-04-05</subfield>
    <subfield code="t">e. 3</subfield>
    <subfield code="w">2022-04-05</subfield>
    <subfield code="y">LBS1</subfield>
  </datafield>
  <datafield tag="999" ind1=" " ind2=" ">
    <subfield code="c">51455</subfield>
    <subfield code="d">51455</subfield>
  </datafield>
</record>
